Community development : a critical approach (Record no. 9166)

MARC details
000 -LEADER
fixed length control field 00512 a2200181 4500
000 - LEADER
fixed length control field BKB
001 - CONTROL NUMBER
control field 135869
005 - DATE AND TIME OF LATEST TRANSACTION
control field 20200902152927.0
008 - FIXED-LENGTH DATA ELEMENTS--GENERAL INFORMATION
fixed length control field
020 ## - INTERNATIONAL STANDARD BOOK NUMBER
International Standard Book Number 9788131600399
082 ## - DEWEY DECIMAL CLASSIFICATION NUMBER
Classification number 307.14
Item number L51C
100 1# - MAIN ENTRY--PERSONAL NAME
Personal name Ledwith, Margaret
245 1# - TITLE STATEMENT
Title Community development : a critical approach
Statement of responsibility, etc by Margaret Ledwith
260 ## - PUBLICATION, DISTRIBUTION, ETC. (IMPRINT)
Place of publication, distribution, etc Jaipur
Name of publisher, distributor, etc Rawat publications
Date of publication, distribution, etc 2006
300 ## - PHYSICAL DESCRIPTION
Extent 196p.
630 ## - SUBJECT ADDED ENTRY--UNIFORM TITLE
Uniform title Social work
690 ## - LOCAL SUBJECT ADDED ENTRY--TOPICAL TERM (OCLC, RLIN)
Topical term or geographic name as entry element Community development; Social work
Holdings
Withdrawn status Lost status Damaged status Not for loan Home library Current library Date acquired Cost, normal purchase price Total Checkouts Full call number Barcode Date last seen Date checked out Price effective from Koha item type
        Central University Of Rajasthan Central University Of Rajasthan 16/01/2013 0.00 1 307.14 L51C 10897 22/01/2025 07/12/2023 02/09/2020 Books